Los viajeros de la libertad / (Record no. 95245)

MARC details
000 -LEADER
campo de control de longitud fija 00924nam a2200253 i 4500
001 - NÚMERO DE CONTROL
campo de control 95245
003 - IDENTIFICADOR DE NÚMERO DE CONTROL
campo de control ES-MaACL
005 - FECHA Y HORA DE LA ÚLTIMA TRANSACCIÓN
campo de control 20250805063250.0
007 - CAMPO FIJO DE DESCRIPCIÓN FÍSICA--INFORMACIÓN GENERAL
campo de control de longitud fija t|
008 - DATOS DE LONGITUD FIJA--INFORMACIÓN GENERAL
campo de control de longitud fija 050525s1963 sp ||||1| spa d
080 ## - NÚMERO DE LA CLASIFICACIÓN DECIMAL UNIVERSAL
Número de la Clasificación Decimal Universal 323.12(=96:73)
100 1# - ENTRADA PRINCIPAL--NOMBRE DE PERSONA
Nombre de persona King, Martin Luther,
Fechas asociadas al nombre 1929-1968
9 (RLIN) 68063
245 14 - MENCIÓN DEL TÍTULO
Título Los viajeros de la libertad /
Mención de responsabilidad, etc. Martin Luther King, Jr. ; [versión castellana de Pedro Medina y María Antonia Barquero].
260 ## - PUBLICACIÓN, DISTRIBUCIÓN, ETC.
Lugar de publicación, distribución, etc. Barcelona :
Nombre del editor, distribuidor, etc. Fontanella,
Fecha de publicación, distribución, etc. 1963.
300 ## - DESCRIPCIÓN FÍSICA
Extensión 275 p., 9 lám. ;
Dimensiones 22 cm.
490 1# - MENCIÓN DE SERIE
Mención de serie La aventura humana. Crónica ;
Designación de volumen o secuencia 5
650 #4 - PUNTO DE ACCESO ADICIONAL DE MATERIA--TÉRMINO DE MATERIA
Término de materia o nombre geográfico como elemento de entrada Discriminación racial-
Subdivisión geográfica Estados Unidos.
9 (RLIN) 147463
650 #4 - PUNTO DE ACCESO ADICIONAL DE MATERIA--TÉRMINO DE MATERIA
Término de materia o nombre geográfico como elemento de entrada Afronorteamericanos-
Subdivisión general Derechos políticos y civiles.
9 (RLIN) 9664
700 1# - ENTRADA AGREGADA--NOMBRE PERSONAL
Nombre de persona Medina, Pedro.
9 (RLIN) 79709
700 1# - ENTRADA AGREGADA--NOMBRE PERSONAL
Nombre de persona Barquero, María Antonia.
9 (RLIN) 25789
830 1# - PUNTO DE ACCESO ADICIONAL DE SERIE-TÍTULO UNIFORME
Título uniforme La aventura humana. Crónica ;
Designación de volumen o secuencia 5
9 (RLIN) 232177
852 ## - LOCALIZACIÓN
Ubicación ES-MaACL
Número de control de estantería C-24311
Holdings
Estatus retirado Estado de pérdida Estado de daño No para préstamo Biblioteca de origen Biblioteca actual Ubicación en estantería Fecha de adquisición Fuente de adquisición Total de préstamos Signatura topográfica completa Código de barras Visto por última vez Precio de reemplazo Tipo de ítem Koha
        Biblioteca del Ateneo de Madrid Biblioteca del Ateneo de Madrid Depósito 2 17/01/2008     C-24311 1099457 23/02/2023 23/02/2023 Libro impreso